000
00214nam a2200097Ia 4500
008
170619s9999 xx 000 0 und d
100
_a
Gopalkrishnan- P
245
0
_a
Materials Management
260
_b
phi
260
_c
2012
546
_a
ENGLISH
999
_c
22826
_d
22826